000 00308nam a22001337a 4500
008 171005b xxu||||| |||| 00| 0 eng d
020 _a0134855248
041 _aeng
080 _a159.9
100 _a49
101 _aPSI
245 _aINTRODUCTION TO LEARNING DISABILITIES
_cHALLAHAN,D.P
942 _2udc
_cBK
999 _c32107
_d32107